000 00539nam a2200193Ia 4500
003 GCL
008 140319s9999 xx 000 0 ara d
040 _aGCL /
_cGCL
082 0 4 _a810.9
_bر ف
100 1 _aريمون طحان
245 1 0 _aالفن والادب العربى مالنا ما علينا /
_cريمون طحان
700 1 _aبيطار طحان
300 _a417 ص
490 _a
650 0 4 _aالادب العربى
650 0 4 _aالفن والادب
650 0 4 _aالادب المقارن
942 _2ddc
_cBK
999 _c40904
_d40904